000 00714nam a2200217Ia 4500
008 220216s9999 xx 000 0 und d
100 _aHasslacher M
245 0 _aMolecular cloning of the full-length cDNA of (S)-hydroxynitrile lyase from Hevea brasiliensis. Functional expression in Escherichia coli and Saccharomyces cerevisiae and identification of an active site residue
260 _bJournal of Biological Chemistry
_c1996
300 _a5884-5891
500 _aSource Year: 1996
650 _ahevea brasiliensis
650 _aMolecular cloning
700 _aGriengi H
700 _aHayn M
700 _aKohlwein S D
700 _aSchall M
700 _aSchwab H
856 _uPBA
942 _cJS
999 _c63184
_d63184